Implementácia štatistických metód pri hodnotení spokojnosti zamestnancov vo vybranom zdravotníckom zariadení bakalárska práca

Saved in:
Bibliographic Details
Main Author: Lacko, Roman, 1988-
Corporate Author: Podnikovohospodárska fakulta EU so sídlom v Košiciach. Katedra hospodárskej informatiky a matematiky
Other Authors: Hajduová, Zuzana, 1974-
Format: Book
Language:Slovak
Published: Košice 2011
Tags: Add Tag
No Tags, Be the first to tag this record!

MARC

LEADER 00000nbm a2200000 4500
001 0139471
005 20161109111624.3
041 0 |a slo 
044 |a SK 
245 1 0 |a Implementácia štatistických metód pri hodnotení spokojnosti zamestnancov vo vybranom zdravotníckom zariadení  |b bakalárska práca  |c Roman Lacko ; školiteľ: Zuzana Hajduová 
264 1 |a Košice  |c 2011 
300 |a 75 s. 
100 1 |a Lacko, Roman, 1988- 
700 1 |a Hajduová, Zuzana, 1974- 
710 2 |a Podnikovohospodárska fakulta EU so sídlom v Košiciach. Katedra hospodárskej informatiky a matematiky